<?xml version="1.0" encoding="UTF-8"?>
<record
    xmlns:xsi="http://www.w3.org/2001/XMLSchema-instance"
    xsi:schemaLocation="http://www.loc.gov/MARC21/slim http://www.loc.gov/standards/marcxml/schema/MARC21slim.xsd"
    xmlns="http://www.loc.gov/MARC21/slim">

  <leader>01275nam a2200157   4500</leader>
  <controlfield tag="001">6412</controlfield>
  <datafield tag="090" ind1="0" ind2="0">
    <subfield code="a">423.91451 M37a 2008</subfield>
  </datafield>
  <datafield tag="100" ind1="0" ind2="0">
    <subfield code="a">Maral, Bhagaban.</subfield>
  </datafield>
  <datafield tag="245" ind1="0" ind2="0">
    <subfield code="a">Assamese,its origin and substratum / </subfield>
    <subfield code="b"></subfield>
    <subfield code="c">Bhagaban Maral</subfield>
    <subfield code="h"></subfield>
  </datafield>
  <datafield tag="250" ind1="0" ind2="0">
    <subfield code="a">1st ed.</subfield>
  </datafield>
  <datafield tag="260" ind1="0" ind2="0">
    <subfield code="a">Guwahati;</subfield>
    <subfield code="b">Assam Panchajyoti Prakash,</subfield>
    <subfield code="c">2008.</subfield>
  </datafield>
  <datafield tag="300" ind1="0" ind2="0">
    <subfield code="a">xxiv, 330 p; 22 cm.</subfield>
  </datafield>
  <datafield tag="505" ind1=" " ind2=" ">
    <subfield code="a">Contents: Preface -- Chapter-1 : The land and its  languages -- Emergence of kamarupa speech -- Chapter-2 :  The pre-Aryans in India and Assam -- Chapter-3 :  Establishment of Hindu civilisation in Assam -- Chapter 4  : Dravido-Aryan sovereigns in Assam -- Chapter-5 : Pre- vedic and vedic elements in Assamese -- Chapter-6 : Pre- Aryan words in Assamese -- Chapter-7 : Pre-Aryan  etymological parallels -- Chapter-8 : Pre-Aryan toponyms  and river-names of Assam -- Pre-Aryan river-names --  Austric equivalents for water,river -- Sino-Tibetan  equivalents for water -- Loan from pre-Aryan austric  substratum -- Loan words -- the red river -- Austric  equivalents for water or river -- Chapter-9 :  Peculiarities of sounds of Assamese -- Sounds of Assamese  -- Chapter-10 : Morphological peculiarities -- Chapter-11  : Syntax -- Chapter-12 : Conclusion. </subfield>
    <subfield code="g"></subfield>
    <subfield code="r"></subfield>
    <subfield code="t"></subfield>
  </datafield>
  <datafield tag="650" ind1="0" ind2="0">
    <subfield code="a"></subfield>
    <subfield code="x"></subfield>
  </datafield>
  <datafield tag="999" ind1=" " ind2=" ">
    <subfield code="c">5403</subfield>
    <subfield code="d">5403</subfield>
  </datafield>
  <datafield tag="952" ind1=" " ind2=" ">
    <subfield code="0">0</subfield>
    <subfield code="1">0</subfield>
    <subfield code="2">ddc</subfield>
    <subfield code="4">0</subfield>
    <subfield code="7">0</subfield>
    <subfield code="8">MAIN</subfield>
    <subfield code="a">RTCLIB</subfield>
    <subfield code="b">RTCLIB</subfield>
    <subfield code="c">MAIN</subfield>
    <subfield code="d">2018-11-27</subfield>
    <subfield code="h"> </subfield>
    <subfield code="i">10118</subfield>
    <subfield code="l">0</subfield>
    <subfield code="o">423.91  MAR</subfield>
    <subfield code="p">30010262</subfield>
    <subfield code="r">2018-11-27 00:00:00</subfield>
    <subfield code="w">2018-11-27</subfield>
    <subfield code="y">MAIN</subfield>
  </datafield>
</record>
